Politics and policy in the European Community

Αποθηκεύτηκε σε:
Λεπτομέρειες βιβλιογραφικής εγγραφής
Κύριος συγγραφέας: George, Stephen
Μορφή: Βιβλίο
Γλώσσα:English
Δημοσίευση: Oxford : Clarendon, 1985
Θέματα:
Ετικέτες: Προσθήκη ετικέτας
Δεν υπάρχουν, Καταχωρήστε ετικέτα πρώτοι!

MARC

LEADER 00000nam a2200000 i 4500
001 1/11013
008 970722s1985 eng d
020 |a 0-19-876165-1 
035 |1 ΠΑΡ  |a 1997  |l 10018092 
040 |a GR-MY-UA  |b gre  |e aacr 
041 0 |a eng 
082 0 |a 337.142 
100 1 |a George, Stephen. 
245 1 0 |a Politics and policy in the European Community /  |c Stephen George 
260 |a Oxford :   |b Clarendon,   |c 1985 
300 |a 205 p. 
504 |a Includes bibliographical references and index 
610 2 0 |a European Economic Community. 
650 0 0 |a European federation. 
651 0 |a European Economic Community countries  |x Politics and government. 
852 |a INST  |b LESVOS  |e 19970722  |h 337.142 GEO  |p 005100024266  |q 005100024266  |t BK  |y 0 
909 |a Λ  |b 01576